[Event "ARG-ch (Women) 75th"]
[White "Macuri, Genesis"]
[Black "Perez Lascano, Lucila"]
[Site "Buenos Aires"]
[Round "7"]
[Result "0-1"]
[Date "2024.11.27"]
[WhiteElo "1449"]
[BlackElo "1593"]
[PlyCount "56"]
[EventDate "2024.11.21"]
[EventType "swiss"]
[EventRounds "9"]
[EventCountry "ARG"]
[SourceTitle "CB49_2024"]
[SourceDate "2024.12.04"]
[SourceVersion "1"]
[SourceVersionDate "2024.12.04"]
[SourceQuality "1"]

1. d4 Nf6 2. Nf3 g6 3. g3 c5 4. dxc5 Na6 5. Bg2 Nxc5 6. 0-0 Bg7 7. Nc3 0-0 8. b3 Nfe4 9. Nxe4 Nxe4 10. Nd4 Nc3 11. Qd2 Bxd4 12. Qxd4 Nxe2+ 13. Kh1 Nxd4 14. c3 Nc6 15. Bf4 d6 16. Rfd1 Bf5 17. Rac1 Qc8 18. b4 Bh3 19. b5 Ne5 20. Bxe5 dxe5 21. Rd2 Bxg2+ 22. Kxg2 Rd8 23. Rcd1 Rxd2 24. Rxd2 Qc7 25. Rd3 Rd8 26. Re3 Rd2 27. a4 Rc2 28. h4 Qc5 0-1